Biblioteca

Pauline dogmatics : (Registro nro. 67576)

Detalles MARC
000 -LÍDER
Campo fijo de descripción fija 03724cam a2200337 i 4500
001 - NÚMERO DE CONTROL
Campo de control 768714001
003 - IDENTIFICADOR DEL NÚMERO DE CONTROL
Campo de control CO-MdFUSB
005 - FECHA Y HORA DE LA ULTIMA TRANSACCIÓN
control field 20220407104137.0
007 - CAMPO FIJO DE DESCRIPCIÓN FIJA--INFORMACIÓN GENERAL
Campo fijo de descripción fija ta
008 - ELEMENTOS DE LONGITUD FIJA -- INFORMACIÓN GENERAL
Campo fijo de descripción fija -- Información general 190704t2020 miu b 001 0 eng
020 ## - NÚMERO INTERNACIONAL NORMALIZADO PARA LIBROS
Número Internacional Normalizado del libro 9780802875648
040 ## - FUENTE DE CATALOGACIÓN
Agencia de catalogación original LBSOR/DLC
Idioma de catalogación eng
Convenciones de la descripción rda
Agencia que realiza la transcripción CO-MdFUSB
Agencia que realiza la modificación OCLCO
-- OCLCF
-- YDX
-- BDX
-- WIO
-- DTM
-- YDX
-- LMR
041 ## - CÓDIGO DE IDIOMA
Código de idioma para texto/pista de sonido o título separado eng
082 ## - NÚMERO DE CLASIFICACIÓN DECIMAL DEWEY
Número de la edición del Dewey 23
Número de clasificación 227.06
Clave de autor-Numero de item C187
100 1# - ASIENTO PRINCIPAL--NOMBRE PERSONAL
Nombre personal Campbell, Douglas A.
Fechas asociadas con el nombre 1961-
Término relacionador autor.
245 10 - TÍTULO
Título del Material Pauline dogmatics :
Parte restante del título - Subtitulo the triumph of God's love /
Mención de responsabilidad, etc. Douglas A. Campbell.
264 #1 - PRODUCCIÓN, PUBLICACIÓN, DISTRIBUCIÓN, MANUFACTURA, Y COPYRIGHT
Lugar de producción, publicación, distribución, manufactura Grand Rapids, Michigan :
Nombre del productor, publicador, distribuidor William B. Eerdmans Publishing Company,
Fecha de producción, publicación, distribución, manufactura, o copyright [2020]
264 #4 - PRODUCCIÓN, PUBLICACIÓN, DISTRIBUCIÓN, MANUFACTURA, Y COPYRIGHT
Fecha de producción, publicación, distribución, manufactura, o copyright © 2020
300 ## - DESCRIPCIÓN FÍSICA
Extensión 795 páginas ;
Dimensiones 24 cm.
336 ## - TIPO DE CONTENIDO
Término de tipo de contenido sonidos
Código de tipo de contenido txt
Fuente rdacontent.
337 ## - TIPO DE MEDIO
Nombre del tipo de medio sin mediación
Código del tipo de medio n
Fuente rdamedia.
338 ## - TIPO DE SOPORTE
Nombre del tipo de soporte volumen
Código Tipo de soporte nc
Fuente rdacarrier.
504 ## - NOTA DE BIBLIOGRAFÍA, ETC.
Nota de bibliografía, etc Incluye referencias bibliográficas (páginas 745-769) e índices.
505 ## - NOTA DE CONTENIDO
Nota de contenido con formato preestablecido Jesús -- Vigilancia -- Un Dios de amor -- Un Dios de historia -- Resurrección y muerte -- Resurrección y pecado -- Defender la resurrección -- Elección -- Una comunidad de aprendizaje -- Líderes -- El amor es todo lo que necesitas -- Amar como dar -- Amar como fidelidad -- Amar como pacificador -- Amar como gozar -- Fundamento apostólico -- Definir al otro -- El triunfo del amor -- Misión como amistad -- Diversidad misional -- Evaluar el paganismo -- Transformar paganismo -- Solicitar ética -- Repensar la creación -- Navegar por el sexo y el matrimonio -- Navegar por el género -- Más allá del colonialismo -- Más allá del supersesionismo -- La sabiduría del pastor.
520 ## - NOTA DE RESUMEN, ETC.
Nota de sumario, etc. El corazón escatológico del evangelio de Pablo en su mundo y sus implicaciones para hoy. Basándose en treinta años de intenso estudio y reflexión sobre Pablo, Douglas Campbell ofrece una visión general distintiva del pensamiento del apóstol que se basa en el énfasis clásico de Albert Schweitzer sobre la importancia de la resurrección para Pablo. Pero Campbell, aprendiendo aquí de Karl Barth, rastrea las implicaciones de Cristo para el pensamiento de Pablo sobre todos los demás temas teológicos, desde la revelación y la resurrección hasta la naturaleza de la iglesia y la misión. Mientras lo hace, la conversación se amplía para incluir a Stanley Hauerwas en relación con la formación cristiana y pensadores como Willie Jennings para abordar las preocupaciones poscoloniales. Pero el resultado de esta extensa conversación es una obra que, además de proporcionar una descripción de la teología de Pablo, también equipa a los lectores con lo que equivale a un manual paulino para la plantación de iglesias. La buena teología paulina es buena teología práctica, eclesiología y misionología, es decir, la teología de Pablo pertenece a la iglesia y, debidamente entendida, hace que la iglesia florezca. En estas conversaciones, Campbell traspasa los límites interdisciplinarios para explicar diferentes aspectos de la comunidad paulina con nociones como la teoría de redes y la justicia restaurativa. El libro concluye pasando a las aplicaciones de Pablo en el período moderno a cuestiones dolorosas relacionadas con el género, la actividad sexual y la inclusión judía, ofreciendo navegaciones paulinas que son ortodoxas, inclusivas y altamente constructivas. Comenzando con el Dios revelado en Jesús y, en cierto sentido, con nosotros mismos, Campbell avanza a través de la ética y la escatología paulinas, y concluye que el desafío para la iglesia no es solo aprender acerca de Pablo, sino seguir a Jesús como lo hizo él.
563 ## - NOTA DE ENCUADERNACIÓN
Nota de encuadernación Pasta dura
630 #7 - TITULO UNIFORME
Título uniforme Biblia.
Nombre de parte o sección de la obra Epístolas Paulinas
Subdivisión de materia general Teología
942 ## - TIPO DE MATERIAL (KOHA)
Tipo de Item KOHA Libros General
945 ## - INFORMACIÓN LOCAL DEL REGISTRO
Catalogador JTF-925
Existencias
Estado de Material Estado de Perdido Forma de Clasificación Estado de Dañado No para Préstamo Colección Biblioteca de Origen Biblioteca Permanente Fecha de Adquisición Área Total de Préstamos Signatura Topográfica Código de Barras Última vez visto Última vez Préstado Ejemplar/Existencia Fecha de Remplazo Tipo de Material
    Dewey Decimal Classification     Colección General Biblioteca FUSBC Biblioteca FUSBC 29/03/2022 BIBLIA 2 G 227.06 C187d 21755 17/10/2023 12/10/2023 Ej.1 29/03/2022 Libros General

Biblioteca FUSBC | Teléfono: (57+4) 349 88 10 Ext. 141| WhatsApp (+57) 3005338115 
E-mail: biblioteca@unisbc.edu.co | Calle 76 87-14 Robledo Palenque, Medellín, Colombia

Con tecnología Koha